000 00392nam a2200133Ia 4500
005 20260328104255.0
008 260328s9999||||xx |||||||||||||| ||und||
100 _aEsslinger, Hartmut
245 0 _aKeep it Simple :
_b the early Design years of Apple /
_cHartmut Esslinger
260 _barnoldsche art publishers
300 _a283 p.
650 _aDISEÑO INDUSTRIAL - ELEMENTOS
942 _cBK
999 _c10396
_d10396